00486nam a2200169 a 4500001001300000003000900013005001700022008004100039020001000080082001600090245007800106260003400184300000900218500003500227650002400262710003000286nice12345678IN_TiNIC20260116012035.0070621s1948 lona grp 000 0 eng  ac10000a225.52bNEW aNew Testament of Our Lord and Saviour Jesus Christb from the Latin Vulga aLondonbBurns and Oatesc1948 a449p aincludes index and biblioraphy aBible-New Testament2 aNew Testament of Our Lord